LDR 00685naa#a2200181#i#450# 001 RU\\bibl\103372 005 20260417103130.5 011 ## _a2308-4057 100 ## _a20260325b2026####ek#y0rusy0150####ca 101 0# _aENG 102 ## _aRU 200 1# _aFood security and globalization _eЖурнальная статья 210 1# _aКемерово _cКемеровский государственный университет _d2026 215 ## _a4 с. 608 ## _aЖурнальная статья _2local 675 ## _aСельское хозяйство. Лесное хозяйство. Охота. Рыбное хозяйство. 63 _zENG 700 #1 _aProsekov _gAlexander Yu. 856 4# _azh-szf.ru _u